| 000 | 00519 a2200157 4500 | ||
|---|---|---|---|
| 020 | _a8121923255 | ||
| 040 |
_aDLC _bDLC |
||
| 082 | _a621.3819582 | ||
| 100 | _a Khanna, V. K. | ||
| 245 |
_aDigital Signal Processing Telecommunications and Multi Media Technology _c V. K.Khanna |
||
| 260 |
_aNew Delhi : _bChand (S.) & Co Ltd. _c, 2003. |
||
| 300 |
_axv, 640 p. _b: ill. _c ; 24 cm. |
||
| 500 | _a Includes Index | ||
| 650 | _a1.Signal theory(Telecommunication).2.Digital Electronics. | ||
| 942 |
_cBK _k 621.3819582 KHA _2ddc |
||
| 999 |
_c8153 _d8153 |
||